[Event "Catalunya-ch U20"]
[Site "Vila Seca"]
[Date "2011.04.21"]
[Round "3"]
[White "Julian Ortin, Eva"]
[Black "Sabria Batlle, Pol"]
[Result "0-1"]
[WhiteElo "1745"]
[BlackElo "2211"]
[PlyCount "58"]
[EventDate "2011.04.20"]
[EventType "swiss"]
[EventRounds "8"]
[EventCountry "ESP"]
[SourceTitle "EXT 2012"]
[Source "ChessBase"]
[SourceDate "2011.11.24"]
[SourceVersion "1"]
[SourceVersionDate "2011.11.24"]
[SourceQuality "1"]

1. d4 Nf6 2. c4 e6 3. Nc3 d5 4. cxd5 exd5 5. Bg5 Nbd7 6. e3 c6 7. Bd3 Be7 8. Nge2 Nf8 9. Qc2 Ne6 10. Bh4 g6 11. h3 a5 12. g4 b5 13. Bg3 a4 14. Nf4 0-0 15. 0-0-0 Qa5 16. Nce2 b4 17. Qd2 Ng5 18. Ng1 Nge4 19. Qe1 Ba6 20. Kb1 a3 21. b3 Nc3+ 22. Ka1 Nxd1 23. Qxd1 Bxd3 24. Nxd3 Ne4 25. Ne2 c5 26. f3 Nxg3 27. Nxg3 Bf6 28. f4 cxd4 29. e4 Bh4 0-1

[Event "Catalunya-ch U20"]
[Site "Vila Seca"]
[Date "2010.04.04"]
[Round "7"]
[White "Solani Nunez, Joshua"]
[Black "Julian Ortin, Eva"]
[Result "1/2-1/2"]
[WhiteElo "1865"]
[BlackElo "1640"]
[PlyCount "101"]
[EventDate "2010.03.31"]
[EventType "swiss"]
[EventRounds "9"]
[EventCountry "ESP"]
[SourceTitle "CBM 135 Extra"]
[Source "ChessBase"]
[SourceDate "2010.05.04"]
[SourceVersion "1"]
[SourceVersionDate "2010.05.04"]
[SourceQuality "1"]

1. d4 Nf6 2. c4 e6 3. Bg5 h6 4. Bxf6 Bb4+ 5. Nd2 Qxf6 6. Ngf3 0-0 7. e3 d6 8. Be2 Nd7 9. 0-0 Bxd2 10. Nxd2 e5 11. Nb3 Qe7 12. f4 exf4 13. exf4 c5 14. Qd3 Nf6 15. Rfe1 Qc7 16. Rad1 Bd7 17. Nd2 Rfe8 18. Bf3 Rxe1+ 19. Rxe1 Re8 20. Rd1 b6 21. Ne4 Nxe4 22. Bxe4 Bg4 23. Rf1 cxd4 24. h3 Be6 25. b3 Qc5 26. f5 Bd7 27. f6 Qe5 28. Bh7+ Kh8 29. fxg7+ Qxg7 30. Be4 Be6 31. Rf4 Qe5 32. Qf3 Kg7 33. Bd3 Qe3+ 34. Kh2 Qxf3 35. gxf3 d5 36. cxd5 Bxd5 37. Rxd4 Bxf3 38. Rd7 a5 39. Bc4 Bh5 40. Rb7 Rd8 41. Rxb6 Rd2+ 42. Kg3 Rxa2 43. Ra6 Be2 44. Bxe2 Rxe2 45. Rxa5 Re3+ 46. Kg4 Rxb3 47. h4 Rb4+ 48. Kh5 Re4 49. Rb5 Kf6 50. Ra5 Kg7 51. Rb5 1/2-1/2

[Event "Catalunya-ch U20"]
[Site "Vila Seca"]
[Date "2010.04.02"]
[Round "4"]
[White "Julian Ortin, Eva"]
[Black "Muratet Carmona, Julia"]
[Result "1-0"]
[WhiteElo "1640"]
[BlackElo "1653"]
[PlyCount "35"]
[EventDate "2010.03.31"]
[EventType "swiss"]
[EventRounds "9"]
[EventCountry "ESP"]
[SourceTitle "CBM 135 Extra"]
[Source "ChessBase"]
[SourceDate "2010.05.04"]
[SourceVersion "1"]
[SourceVersionDate "2010.05.04"]
[SourceQuality "1"]

1. d4 Nf6 2. c4 e6 3. Nc3 c5 4. d5 d6 5. e4 Be7 6. f4 0-0 7. Nf3 Qa5 8. Bd3 Bd7 9. 0-0 a6 10. Bd2 Qb6 11. Rb1 Ne8 12. e5 dxe5 13. fxe5 exd5 14. Nxd5 Qd8 15. Ba5 Qxa5 16. Nxe7+ Kh8 17. Ng5 f6 18. Qh5 1-0